| 000 | 00464nam a2200169Ia 4500 | ||
|---|---|---|---|
| 008 | 210210b2001 xxu||||| |||| 00| 0 eng d | ||
| 020 | _a81 242 0212 5 | ||
| 082 | _a658.3 MEGH | ||
| 100 | _aMEGGINSON (David) and others. | ||
| 245 | _aHuman Resource Development. | ||
| 250 | _a | ||
| 260 |
_aNew Delhi _bCrest Publishing House., _c2001 |
||
| 300 | _aix,198 | ||
| 650 | _aHuman Resource Development, HRD | ||
| 690 | _aPersonnel Management | ||
| 906 | _a056405 | ||
| 999 |
_c103679 _d103679 |
||